Normal view
MARC view
- Safranski, Rüdiger,
Entry Nombre Personal
001 - NUMERO DE CONTROL
- campo de control: 36135
003 - IDENTIFICADOR DE NUMERO DE CONTROL
- campo de control: UPN
005 - FECHA Y HORA DE LA ÜLTIMA TRANSACCIÓN
- campo de control: 20210219194511.0
008 - DATOS DE LONGITUD FIJA
- campo de control de longitud fija: nabaccnnaabn|||||||||| b |nc|||||d
035 ## - NUMERO DE CONTROL
- Número de control: UPN11000008242
040 ## - FUENTE DE CATALOGACIÓN
- Lenguaje de catalogación: SPA
- Agencia de transcripción: UPN
100 1# - ENCABEZAMIENTO - NOMBRE PERSONAL
- Nombre personal: Safranski, Rüdiger,
- Fechas asociadas con el nombre: 1945-
670 ## - FUENTE EN LA QUE SE LOCALIZARON DATOS
- Cita de la fuente: T
- Información localizada: Wikipedia
680 ## - NOTA PUBLICA DE ACCESO PÚBLICO
- Frase explicativa de la referencia: Safranski estudió, a partir de 1965, filosofía, germanística, historia e historia del arte en la Universidad de Fráncfort del Meno, bajo la dirección de Theodor Adorno, y en la Universidad Libre de Berlín
902 ## - CATALOGADOR
- Catalogador: MCM/181114
